000 00317nam a22001337a 4500
008 170616b xxu||||| |||| 00| 0 eng d
020 _a0394179560
041 _aeng
080 _a32
100 _a20
101 _ashp
245 _aELSALVADOR: CENTRAL AMERICA IN THE NEW COLD WAR
_cGETTLEMAN, M.E
942 _2udc
_cBK
999 _c17834
_d17834